Welcome to CU Library Online Public Access Catalogue (OPAC)

The New English Bible; (Record no. 6778)

MARC details
000 -LEADER
fixed length control field 00665cam a22001931 4500
001 - CONTROL NUMBER
control field 750285
005 - DATE AND TIME OF LATEST TRANSACTION
control field 20250630103410.0
008 - FIXED-LENGTH DATA ELEMENTS--GENERAL INFORMATION
fixed length control field 720107s1961 nyu 000 0 eng
041 1# - LANGUAGE CODE
Language code of text/sound track or separate title engund
050 00 - LIBRARY OF CONGRESS CALL NUMBER
Classification number BS2092.A1 1961
Item number .N49
082 00 - DEWEY DECIMAL CLASSIFICATION NUMBER
Classification number 220.52
245 14 - TITLE STATEMENT
Title The New English Bible;
Remainder of title New Testament.
260 ## - PUBLICATION, DISTRIBUTION, ETC.
Place of publication, distribution, etc. [New York]
Name of publisher, distributor, etc. Oxford University Press,
Date of publication, distribution, etc. 1961.
300 ## - PHYSICAL DESCRIPTION
Extent xiii, 446 p.
Dimensions 24 cm.
500 ## - GENERAL NOTE
General note Translated under the supervision of the Joint Committee on the New Translation of the Bible.
710 2# - ADDED ENTRY--CORPORATE NAME
Corporate name or jurisdiction name as entry element Joint Committee on the New Translation of the Bible.
710 2# - ADDED ENTRY--CORPORATE NAME
Corporate name or jurisdiction name as entry element Rouben Mamoulian Collection (Library of Congress)
Institution to which field applies DLC
942 ## - ADDED ENTRY ELEMENTS (KOHA)
Source of classification or shelving scheme Library of Congress Classification
Koha item type Books
Suppress in OPAC No
999 ## -
-- 6778
-- 6778
Holdings
Withdrawn status Lost status Source of classification or shelving scheme Damaged status Not for loan Collection Home library Current library Shelving location Date acquired Total checkouts Full call number Barcode Date last seen Copy number Price effective from Koha item type
    Library of Congress Classification     Non-fiction Undergraduate Library (Christ Temple) Undergraduate Library (Christ Temple) General stacks 06/30/2025   BS2305 NEW ulct00003635 06/30/2025 1 06/30/2025 Books
    Library of Congress Classification     Reference Undergraduate Library (Christ Temple) Undergraduate Library (Christ Temple) General stacks 07/24/2025   REF BS192.A1 NEW ulct00004114 07/24/2025 1 07/24/2025 Books
© 2023-2024 Copyright: Central University Libraries. All Rights Reserved | Created by: Mahone Tech Office